000 00388 a2200145 4500
001 170539
020 _a
040 _cMagnum
100 _aAgencia Regional de Noticias
240 1 0 _aClipping em educacao - 20/08/01 a 27/08/01 - ano iii - nº 100
_lpor
245 1 0 _aClipping em educacao - 20/08/01 a 27/08/01 - ano iii - nº 100
362 0 _a1899
697 _aENSINO
942 _cBK
999 _c170539
_d170539